| 000 | 00719cam a2200241 4500500 | ||
|---|---|---|---|
| 005 | 20260329002836.0 | ||
| 041 | _afre | ||
| 042 | _adc | ||
| 100 | 1 | 0 |
_aPortevin, Catherine _eauthor |
| 245 | 0 | 0 | _aPeut-on vivre plusieurs vies en une? |
| 260 | _c2013. | ||
| 500 | _a33 | ||
| 690 | _aEmmanuel Carrère | ||
| 690 | _aEva Illouz | ||
| 690 | _aFlorence Aubenas | ||
| 690 | _aMultiple | ||
| 690 | _aPascal Bruckner | ||
| 690 | _aPierre Zaoui | ||
| 690 | _aPlusieurs vies en une | ||
| 690 | _aSylvain Tesson | ||
| 786 | 0 | _nPhilosophie magazine | 75 | 12 | 2013-12-01 | p. 41-41 | 1951-1787 | |
| 856 | 4 | 1 | _uhttps://shs.cairn.info/magazine-philosophie-magazine-2013-12-page-41?lang=fr&redirect-ssocas=7080 |
| 999 |
_c1818916 _d1818916 |
||